Statistiken für Beliebteste Sportarten (bei Senioren)

Klicken Sie hier um das Quiz zu spielen!

Allgemein

  • Dieses Quiz wurde 120 mal gespielt
    (54 seit der letzten Aktualisierung)
  • Das Durchschnittsergebnis liegt bei 7 aus 15

Antwortstatistiken

#Mitglieder (> 60 Jahre)Sportart% Korrekt
2~ 735 000Fußball
91%
4~ 346 000Tennis
77%
9~ 78 000Handball
75%
11~ 64 000Schwimmen
70%
5~ 288 000Golf
66%
7~ 116 000Tischtennis
61%
6~ 149 000Leichtathletik
52%
1~ 1 133 000Turnen
50%
13~ 48 000Volleyball
43%
10~ 76 000Reiten/ Reitsport
39%
8~ 104 000Ski
39%
14~ 43 000Tanzen
34%
3~ 606 000Schützen/ Schießen
20%
12~ 58 000Segeln
7%
15~ 35 000Moderner Fünfkampf
2%

Verteilung der Resultate

Perzentil nach korrekt beantworteten Fragen

Anzahl Personen mit jedem Resultat

Ihre Resultats-Entwicklung

Sie haben dieses Quiz seit der letzten Aktualisierung nicht gespielt